000 00728nam a22002537a 4500
001 BR9504140
003 BR-BrBNA
005 20230928094623.0
007 ta
008 230509b bl.||||| |||| 00| 0 por d
040 _aBR-BrBNA
_bpor
_cBiblioteca Nacional de Agricultura
041 _a(Por)
072 _aC30; U10
090 _ C30 BR9504140
110 1 _aMinisterio da Agricultura, Brasilia, DF (Brasil). Secretaria de Informatica
_96827
245 1 _aPlano de informatizacao SNAB (1989/1991)
260 3 _aBrasilia, DF (Brasil):
_c1989.
300 _a94 p.
650 _aInformatica
650 _aSistema de Informacao
650 _aPrograma de Computador
909 _a202309
_bLucia
_c55
_dLucia Elande
942 _cBK
999 _c51691
_d51691